Az adóterhelés és az adózási morál összefüggései Elemzés magyarországi és globális gazdasági perspektívából

Bibliográfiai részletek
Szerző: Bakos Nikoletta
További közreműködők: Fellegi Dr. Miklós
Dokumentumtípus: Diplomadolgozat
Kulcsszavak:adóbevételek
adókötelezettség(ek)
adópolitika
adózási magatartás
fiskális politika
szürke gazdaság
Online Access:http://dolgozattar.uni-bge.hu/60397

MARC

LEADER 00000nta a2200000 i 4500
001 dolg60397
005 20260409150529.0
008 260409suuuu hu om 000 hun d
040 |a BGE Dolgozattár Repozitórium  |b hun 
041 |a hu 
100 1 |a Bakos Nikoletta 
245 1 3 |a Az adóterhelés és az adózási morál összefüggései  |b Elemzés magyarországi és globális gazdasági perspektívából  |c Bakos Nikoletta  |h [elektronikus dokumentum] 
520 3 |a A dolgozat az adóterhelés és az adózási morál közötti összefüggéseket vizsgálja magyarországi és globális perspektívában. Központi kérdése, hogy a különböző adóterhelési szintek, a közvetett és közvetlen adók aránya, valamint az intézményi bizalom miként befolyásolják az adófizetők jogkövető magatartását. A kutatás részletesen bemutatja az OECD-országok adóstruktúráját, a globális adóverseny és a multinacionális vállalatok adóelkerülési technikáinak hatásait, továbbá a digitális gazdaság és az adóparadicsomok jelentette kihívásokat. A magyar adórendszer sajátosságainak elemzése rávilágít az ÁFA és a járulékterhek kiemelkedő szerepére, a rejtett adók dominanciájára és ezek társadalmi hatásaira. A dolgozat külön fejezetben vizsgálja a szürkegazdaság alakulását, az adómorálhoz kapcsolódó empirikus felméréseket, a bizalomhiányt és az intézményi tényezők szerepét. Esettanulmányok segítségével bemutatja, hogy az adórendszer átláthatósága és hatékonysága miként javíthatja a közteherviselési hajlandóságot. A dolgozat végül konkrét ajánlásokat fogalmaz meg a magyar adómorál erősítésére, külön hangsúlyozva a bizalomépítés, a szerkezeti reformok és a digitalizáció további fejlesztésének szükségességét. 
695 |a adóbevételek 
695 |a adókötelezettség(ek) 
695 |a adópolitika 
695 |a adózási magatartás 
695 |a fiskális politika 
695 |a szürke gazdaság 
700 1 |a Fellegi Dr. Miklós  |e ths 
856 4 0 |u http://dolgozattar.uni-bge.hu/60397/1/RTMK00%20Szakdolgozat%202025%20Bakos%20Nikoletta.pdf  |z Dokumentum-elérés 
856 4 0 |u http://dolgozattar.uni-bge.hu/60397/2/BA_Bakos%20Nikoletta_Ad%C3%B3terhel%C3%A9s-ad%C3%B3mor%C3%A1l.pdf  |z Dokumentum-elérés